[Event "CAN-op rapid Online"]
[Site "Chess.com"]
[Date "2021.05.15"]
[Round "1"]
[White "McAlpin, John-Francis"]
[Black "Chiku-Ratte, Olivier-Kenta"]
[Result "0-1"]
[WhiteElo "1451"]
[BlackElo "2311"]
[PlyCount "70"]
[EventDate "2021.05.15"]
[EventType "swiss (rapid)"]
[EventRounds "10"]
[EventCountry "CAN"]

1. e4 c5 2. c3 Nf6 3. e5 Nd5 4. d4 cxd4 5. cxd4 Nc6 6. Nf3 d6 7. Bc4 Nb6 8. Bb5
a6 9. Bxc6+ bxc6 10. O-O Bg4 11. h3 Bh5 12. e6 fxe6 13. Qb3 Bxf3 14. Qxf3 Nd5
15. Nc3 g6 16. Re1 Qd7 17. Qg4 Nf6 18. Qxe6 Qxe6 19. Rxe6 Kd7 20. Re2 Bg7 21.
Bg5 e6 22. Rae1 Rhe8 23. a4 Rab8 24. a5 Nd5 25. Nxd5 cxd5 26. Be3 Rb4 27. Rc2
Rc4 28. Rxc4 dxc4 29. Rd1 Rb8 30. Bc1 d5 31. Kf1 Rb5 32. Ke2 Rxa5 33. Ke3 Rb5
34. g4 Rb3+ 35. Ke2 Rxh3 0-1

[Event "CAN-op rapid Online"]
[Site "Chess.com"]
[Date "2021.05.15"]
[Round "2"]
[White "Chiku-Ratte, Olivier-Kenta"]
[Black "Mendes, Aaron Reeve"]
[Result "1/2-1/2"]
[WhiteElo "2311"]
[BlackElo "1773"]
[PlyCount "143"]
[EventDate "2021.05.15"]
[EventType "swiss (rapid)"]
[EventRounds "10"]
[EventCountry "CAN"]

1. d4 d5 2. c4 c6 3. Nf3 Nf6 4. e3 e6 5. Nc3 Bd6 6. Bd3 Nbd7 7. O-O O-O 8. e4
dxe4 9. Nxe4 Nxe4 10. Bxe4 Nf6 11. Bc2 h6 12. b3 b6 13. Bb2 Bb7 14. Qe2 Qe7 15.
Rad1 Rfd8 16. Rfe1 Rac8 17. Rd3 Rc7 18. Red1 Ba3 19. Ba1 c5 20. dxc5 Rxd3 21.
Qxd3 Be4 22. Qd8+ Qxd8 23. Rxd8+ Kh7 24. Bxe4+ Nxe4 25. cxb6 axb6 26. Be5 Ra7
27. Bd4 Be7 28. Re8 Nd6 29. Rb8 Rxa2 30. g4 Ra3 31. Rxb6 Nxc4 32. bxc4 Rxf3 33.
Be3 Bg5 34. Kg2 Bxe3 35. fxe3 Rxe3 36. h3 Rc3 37. Rc6 e5 38. Rc7 f6 39. h4 h5
40. g5 fxg5 41. hxg5 Kg6 42. c5 e4 43. c6 h4 44. Rc8 Kxg5 45. c7 h3+ 46. Kh2
Kg4 47. Re8 Rc2+ 48. Kh1 Rxc7 49. Rxe4+ Kf3 50. Re5 Kg3 51. Rg5+ Kh4 52. Rg6
Rc1+ 53. Kh2 Rc2+ 54. Kh1 Rg2 55. Rh6+ Kg4 56. Rh4+ Kf3 57. Rxh3+ Kf2 58. Ra3
Rg3 59. Ra2+ Kf3 60. Kh2 Rg6 61. Ra3+ Kf4 62. Kh3 Rh6+ 63. Kg2 g5 64. Ra4+ Kf5
65. Ra5+ Kg6 66. Kg3 Rh4 67. Ra8 Rb4 68. Rg8+ Kh5 69. Rh8+ Kg6 70. Rg8+ Kh5 71.
Rh8+ Kg6 72. Rg8+ 1/2-1/2

[Event "CAN-op rapid Online"]
[Site "Chess.com"]
[Date "2021.05.15"]
[Round "3"]
[White "Chanot, Frederic"]
[Black "Chiku-Ratte, Olivier-Kenta"]
[Result "0-1"]
[WhiteElo "1154"]
[BlackElo "2311"]
[PlyCount "52"]
[EventDate "2021.05.15"]
[EventType "swiss (rapid)"]
[EventRounds "10"]
[EventCountry "CAN"]

1. e4 c5 2. Nf3 Nc6 3. Nc3 g6 4. Bc4 Bg7 5. d3 e6 6. Bd2 Nge7 7. h3 d5 8. exd5
exd5 9. Bb3 O-O 10. Qe2 Re8 11. O-O-O Nd4 12. Nxd4 cxd4 13. Na4 b6 14. c3 Be6
15. h4 h5 16. f3 Nf5 17. Be1 dxc3 18. Nxc3 Nd4 19. Qf2 Nxb3+ 20. axb3 d4 21.
Ne4 Bxb3 22. Rd2 Rc8+ 23. Kb1 Qc7 24. Nc3 dxc3 25. bxc3 Qxc3 26. Rd1 Qa1# 0-1

[Event "CAN-op rapid Online"]
[Site "Chess.com"]
[Date "2021.05.15"]
[Round "4"]
[White "Chiku-Ratte, Olivier-Kenta"]
[Black "Mitrabha, Guha"]
[Result "1/2-1/2"]
[WhiteElo "2311"]
[BlackElo "2245"]
[PlyCount "180"]
[EventDate "2021.05.15"]
[EventType "swiss (rapid)"]
[EventRounds "10"]
[EventCountry "CAN"]

1. Nf3 d5 2. d4 c5 3. e3 cxd4 4. exd4 Nc6 5. h3 Bf5 6. c3 e6 7. Bf4 Nf6 8. Bd3
Bxd3 9. Qxd3 Bd6 10. Bxd6 Qxd6 11. O-O O-O 12. Nbd2 Rab8 13. a4 a6 14. a5 Qc7
15. b4 Na7 16. Rac1 Nb5 17. Rc2 Rfc8 18. Rfc1 b6 19. axb6 Rxb6 20. c4 Na7 21.
cxd5 Qd8 22. Rxc8 Nxc8 23. dxe6 Rxe6 24. Qc4 Ne7 25. Ng5 Rc6 26. Qxf7+ Kh8 27.
Re1 Ned5 28. Qb7 Qc8 29. Qxc8+ Rxc8 30. Nb3 h6 31. Nf7+ Kg8 32. Nd6 Rc6 33. Nf5
Rb6 34. Nc5 Kf7 35. Kh2 h5 36. g3 g6 37. Ne3 Nxb4 38. Nc4 Rb8 39. Nd6+ Kg8 40.
Re6 Nbd5 41. Nde4 Nxe4 42. Nxe4 Rb6 43. Re5 Nf6 44. Ng5 Rd6 45. Ra5 Kf8 46. Kg2
Ke7 47. Nf3 Nd5 48. Ne5 Kf6 49. Kf3 Ne7 50. Ke4 Ke6 51. Rc5 Rd8 52. Rc7 Ra8 53.
d5+ Kf6 54. d6 Nf5 55. Rf7+ Ke6 56. Rh7 Nxd6+ 57. Kd4 Kf6 58. Nd7+ Ke6 59. Nc5+
Kf5 60. Kd5 Ne8 61. Rf7+ Nf6+ 62. Kd4 Rd8+ 63. Ke3 Rd6 64. f3 Ke5 65. Nd3+ Ke6
66. Ra7 Nd5+ 67. Kf2 Rc6 68. Rxa6 Rxa6 69. Nc5+ Kd6 70. Nxa6 Kc6 71. f4 Kb6 72.
Nb8 Nf6 73. Ke3 h4 74. gxh4 Kb7 75. Kd4 Kxb8 76. Ke5 Nh5 77. f5 gxf5 78. Kxf5
Kc7 79. Kg5 Ng7 80. h5 Kd7 81. h6 Ne6+ 82. Kf6 Nf8 83. Kf7 Nh7 84. h4 Kd8 85.
Kg6 Ke7 86. Kxh7 Kf7 87. Kh8 Kf8 88. h7 Kf7 89. h5 Kf8 90. h6 Kf7 1/2-1/2

[Event "CAN-op rapid Online"]
[Site "Chess.com"]
[Date "2021.05.15"]
[Round "5"]
[White "Neves, Leonardo"]
[Black "Chiku-Ratte, Olivier-Kenta"]
[Result "0-1"]
[WhiteElo "1674"]
[BlackElo "2311"]
[PlyCount "70"]
[EventDate "2021.05.15"]
[EventType "swiss (rapid)"]
[EventRounds "10"]
[EventCountry "CAN"]

1. d4 Nf6 2. c4 e6 3. g3 c5 4. d5 exd5 5. cxd5 d6 6. Nc3 g6 7. Bg2 Bg7 8. Nf3
O-O 9. O-O a6 10. a4 Re8 11. Bf4 Ne4 12. Qc2 Bf5 13. Nxe4 Rxe4 14. Qd2 Rb4 15.
Ra2 Qe7 16. Re1 Nd7 17. Ng5 h6 18. e4 Re8 19. Be3 Bg4 20. Nh3 Bxh3 21. Bxh3 Ne5
22. Qc2 Nf3+ 23. Kf1 Nxe1 24. Kxe1 Qxe4 25. Qxe4 Rbxe4 26. Bg2 Rb4 27. Kd2
Rxb2+ 28. Rxb2 Bxb2 29. Bxh6 b5 30. axb5 axb5 31. Bf4 Be5 32. Be3 b4 33. Bf1 b3
34. Kc1 b2+ 35. Kb1 Ra8 0-1

[Event "CAN-op rapid Online"]
[Site "Chess.com"]
[Date "2021.05.16"]
[Round "6"]
[White "Chiku-Ratte, Olivier-Kenta"]
[Black "Hemphrey, David"]
[Result "1-0"]
[WhiteElo "2311"]
[BlackElo "1331"]
[PlyCount "59"]
[EventDate "2021.05.15"]
[EventType "swiss (rapid)"]
[EventRounds "10"]
[EventCountry "CAN"]

1. Nf3 d5 2. d4 Nf6 3. c4 c6 4. e3 e6 5. Nc3 Nbd7 6. Bd3 dxc4 7. Bxc4 b5 8. Bd3
Bb7 9. O-O a6 10. a4 b4 11. Ne4 c5 12. Nxf6+ Nxf6 13. Qe2 Be7 14. Rd1 Qc7 15.
b3 Nd5 16. Bb2 O-O 17. Rac1 Rfd8 18. dxc5 Qa5 19. c6 Bc8 20. Ne5 Nc3 21. Bxc3
bxc3 22. Nc4 Qb4 23. c7 Rd7 24. Qf3 Bb7 25. Bxh7+ Kf8 26. Qh5 Rxd1+ 27. Rxd1 g6
28. Bxg6 fxg6 29. Qh8+ Kf7 30. Ne5# 1-0

[Event "CAN-op rapid Online"]
[Site "Chess.com"]
[Date "2021.05.16"]
[Round "7"]
[White "Stojanovski, Sandi"]
[Black "Chiku-Ratte, Olivier-Kenta"]
[Result "0-1"]
[WhiteElo "2247"]
[BlackElo "2311"]
[PlyCount "74"]
[EventDate "2021.05.15"]
[EventType "swiss (rapid)"]
[EventRounds "10"]
[EventCountry "CAN"]

1. c4 Nf6 2. Nc3 g6 3. e4 d6 4. d4 Bg7 5. Nf3 O-O 6. Be2 e5 7. Be3 Na6 8. O-O
c6 9. d5 Ng4 10. Bg5 f6 11. Bh4 c5 12. Ne1 h5 13. Bxg4 Bxg4 14. f3 Bd7 15. Nd3
Qe8 16. a3 Bh6 17. b4 Be3+ 18. Bf2 Bd4 19. Bxd4 cxd4 20. Ne2 Rc8 21. Rc1 f5 22.
Qd2 Kh7 23. c5 dxc5 24. bxc5 Bb5 25. exf5 gxf5 26. f4 e4 27. Ne5 Nxc5 28. Nxd4
Bxf1 29. Rxf1 Rd8 30. Qb4 Rxd5 31. Qc4 Qd8 32. Nb5 Nd3 33. Nxa7 Qb6+ 34. Kh1
Nf2+ 35. Rxf2 Qxf2 36. h3 Rd1+ 37. Kh2 Qxf4+ 0-1

[Event "CAN-op rapid Online"]
[Site "Chess.com"]
[Date "2021.05.16"]
[Round "8"]
[White "Chiku-Ratte, Olivier-Kenta"]
[Black "Turcotte, Jonathan"]
[Result "1-0"]
[WhiteElo "2311"]
[BlackElo "1954"]
[PlyCount "35"]
[EventDate "2021.05.15"]
[EventType "swiss (rapid)"]
[EventRounds "10"]
[EventCountry "CAN"]

1. d4 Nf6 2. Nf3 e6 3. c4 b6 4. g3 Ba6 5. Qc2 c5 6. d5 exd5 7. cxd5 Bb7 8. Bg2
Nxd5 9. O-O Nb4 10. Qa4 Be7 11. Nc3 O-O 12. a3 N4a6 13. Rd1 Re8 14. Bf4 d6 15.
Qc4 Nd7 16. Ng5 Bxg2 17. Qxf7+ Kh8 18. Ne6 1-0

[Event "CAN-op rapid Online"]
[Site "Chess.com"]
[Date "2021.05.16"]
[Round "9"]
[White "Heran-Boily, Samuel"]
[Black "Chiku-Ratte, Olivier-Kenta"]
[Result "0-1"]
[WhiteElo "1770"]
[BlackElo "2311"]
[PlyCount "36"]
[EventDate "2021.05.15"]
[EventType "swiss (rapid)"]
[EventRounds "10"]
[EventCountry "CAN"]

1. e4 c5 2. Nf3 Nc6 3. d4 cxd4 4. Nxd4 e6 5. Nc3 a6 6. Be3 Qc7 7. f3 Nf6 8. Qd2
Be7 9. O-O-O O-O 10. g4 b5 11. h4 b4 12. Na4 Bb7 13. h5 d5 14. g5 Nd7 15. exd5
Nxd4 16. dxe6 b3 17. Bxd4 Bxg5 18. Rg1 Qxc2# 0-1

[Event "CAN-op rapid Online"]
[Site "Chess.com"]
[Date "2021.05.16"]
[Round "10"]
[White "Chiku-Ratte, Olivier-Kenta"]
[Black "Li, Jack"]
[Result "1-0"]
[WhiteElo "2311"]
[BlackElo "1320"]
[PlyCount "99"]
[EventDate "2021.05.15"]
[EventType "swiss (rapid)"]
[EventRounds "10"]
[EventCountry "CAN"]

1. Nf3 Nf6 2. d4 g6 3. c4 Bg7 4. Nc3 d6 5. g3 O-O 6. Bg2 Re8 7. O-O Nc6 8. h3
e5 9. dxe5 dxe5 10. Qxd8 Rxd8 11. Be3 Be6 12. b3 a6 13. Ng5 Bf5 14. g4 Bd7 15.
Rac1 h5 16. f3 Bh6 17. Kf2 hxg4 18. hxg4 Bxg4 19. Nd5 Rd6 20. Nxf6+ Rxf6 21.
Ne4 Bxe3+ 22. Kxe3 Rf4 23. fxg4 Rxg4 24. Nf6+ Kg7 25. Nxg4 f5 26. Bxc6 bxc6 27.
Nxe5 Re8 28. Kd4 Kf6 29. Nxc6 Rxe2 30. Rce1 Rxa2 31. Kc5 a5 32. Nd4 a4 33. bxa4
Rxa4 34. Re6+ Kf7 35. Rfe1 Ra5+ 36. Nb5 Ra8 37. Rc6 f4 38. Ree6 g5 39. Rf6+ Ke7
40. Nd4 Ra5+ 41. Kb4 Ra7 42. Rce6+ Kd7 43. Rf7+ Kc8 44. Nc6 Rb7+ 45. Kc5 Rb1
46. Re8+ Kb7 47. Rb8+ Ka6 48. Rxb1 f3 49. Rxc7 f2 50. Ra7# 1-0

[Event "Titled Tuesday 2021.05.11"]
[Site "chess.com INT"]
[Date "2021.05.11"]
[Round "2"]
[White "Chiku-Ratte, Olivier-Kenta"]
[Black "Chyzy, Jakub"]
[Result "0-1"]
[WhiteElo "2377"]
[BlackElo "2257"]
[PlyCount "66"]
[EventDate "2021.05.11"]
[EventType "swiss (blitz)"]
[EventRounds "11"]
[EventCountry "NET"]
[Source "Mark Crowther"]
[SourceDate "2021.05.17"]

1. Nf3 Nf6 2. c4 g6 3. Nc3 d6 4. d4 Nbd7 5. g3 e5 6. Bg2 Bg7 7. Kf1 O-O 8. h3
e4 9. Ng5 d5 10. cxd5 Nb6 11. Ngxe4 Nfxd5 12. Kg1 f5 13. Nc5 f4 14. Kh2 fxg3+
15. fxg3 Kh8 16. N3e4 c6 17. Bg5 Qc7 18. a4 a5 19. Qd3 Bf5 20. b3 Rae8 21. Rad1
Nd7 22. Qd2 b6 23. Nxd7 Qxd7 24. Nf2 Nb4 25. Rhf1 Bc2 26. Rc1 Qxd4 27. Qd3 Bxd3
28. exd3 Rxf2 29. Rce1 Rxe1 30. Rxe1 Be5 31. Be3 Rxg2+ 32. Kxg2 Qb2+ 33. Bf2
Nxd3 0-1

[Event "Titled Tuesday 2021.05.11"]
[Site "chess.com INT"]
[Date "2021.05.11"]
[Round "3"]
[White "Marcziter, D."]
[Black "Chiku-Ratte, Olivier-Kenta"]
[Result "1-0"]
[WhiteElo "2243"]
[BlackElo "2377"]
[PlyCount "179"]
[EventDate "2021.05.11"]
[EventType "swiss (blitz)"]
[EventRounds "11"]
[EventCountry "NET"]
[Source "Mark Crowther"]
[SourceDate "2021.05.17"]

1. d4 f6 2. e4 e6 3. Nc3 Ne7 4. Nf3 g6 5. Be3 Bg7 6. Qd2 d5 7. O-O-O dxe4 8.
Nxe4 Nf5 9. Bf4 g5 10. Nfxg5 fxg5 11. Bxg5 Qxd4 12. Qxd4 Bxd4 13. g4 h6 14.
gxf5 hxg5 15. Rxd4 exf5 16. Nxg5 Nc6 17. Rd1 Bd7 18. Bc4 Rd8 19. Nf7 Rh4 20.
Nxd8 Nxd8 21. Rhe1+ Re4 22. f3 Rxe1 23. Rxe1+ Kf8 24. h4 b5 25. Bd5 c6 26. Bb3
Nb7 27. c3 Nd6 28. Rg1 a5 29. a3 a4 30. Ba2 Be8 31. Rg8+ Ke7 32. Rg7+ Kf6 33.
Rc7 f4 34. h5 Bxh5 35. Rxc6 Ke7 36. Bd5 Be8 37. Rc7+ Kf6 38. Bc6 Bf7 39. Ra7
Ke5 40. Ra8 Bc4 41. Rh8 Nf7 42. Rh5+ Kd6 43. Be4 Ne5 44. Kd2 Nd7 45. Rf5 Nc5
46. Rxf4 Nb3+ 47. Ke3 Nc5 48. Rh4 Ne6 49. Rh5 Nc5 50. f4 Bf7 51. Rh6+ Ke7 52.
f5 Bc4 53. Kd4 Nb3+ 54. Ke5 Nc5 55. Rh7+ Kf8 56. f6 Bf7 57. Bd5 Nd7+ 58. Kd6
Bxd5 59. Rxd7 Bc4 60. Ke5 Ke8 61. Ra7 Kf8 62. Kf5 Ke8 63. Ke5 Kf8 64. Kd6 Ke8
65. Kc5 Kf8 66. Rb7 Bd3 67. Rxb5 Bxb5 68. Kxb5 Kf7 69. Kxa4 Kxf6 70. Kb5 Ke6
71. Kb6 Kd6 72. a4 Kd5 73. a5 Kc4 74. a6 Kb3 75. a7 Kxb2 76. a8=Q Kxc3 77. Qc6+
Kb4 78. Qb5+ Kc3 79. Qc5+ Kd3 80. Qd6+ Ke4 81. Kc5 Ke3 82. Qd4+ Kf3 83. Qe5 Kg4
84. Kd4 Kf3 85. Kd3 Kf2 86. Qf4+ Kg2 87. Ke2 Kh3 88. Qg5 Kh2 89. Kf2 Kh1 90.
Qg1# 1-0

[Event "Titled Tuesday 2021.05.11"]
[Site "chess.com INT"]
[Date "2021.05.11"]
[Round "4"]
[White "Tharushi, T H D Niklesha"]
[Black "Chiku-Ratte, Olivier-Kenta"]
[Result "0-1"]
[WhiteElo "1711"]
[BlackElo "2377"]
[PlyCount "40"]
[EventDate "2021.05.11"]
[EventType "swiss (blitz)"]
[EventRounds "11"]
[EventCountry "NET"]
[Source "Mark Crowther"]
[SourceDate "2021.05.17"]

1. e4 c5 2. Nf3 Nc6 3. d4 cxd4 4. Nxd4 e6 5. Nc3 Qc7 6. Be3 a6 7. f3 Nf6 8. Qd2
Bb4 9. O-O-O d5 10. a3 Bxc3 11. bxc3 O-O 12. exd5 Nxd5 13. Nxc6 Qxc6 14. Bd4
Qa4 15. Kb2 b5 16. Qg5 f6 17. Qg3 a5 18. Qd6 b4 19. Bc5 Qxa3+ 20. Kb1 Nxc3# 0-1

[Event "Titled Tuesday 2021.05.11"]
[Site "chess.com INT"]
[Date "2021.05.11"]
[Round "5"]
[White "Chiku-Ratte, Olivier-Kenta"]
[Black "Loew, Gera"]
[Result "1-0"]
[WhiteElo "2377"]
[BlackElo "2166"]
[PlyCount "89"]
[EventDate "2021.05.11"]
[EventType "swiss (blitz)"]
[EventRounds "11"]
[EventCountry "NET"]
[Source "Mark Crowther"]
[SourceDate "2021.05.17"]

1. Nf3 d6 2. d4 Nf6 3. c4 Nbd7 4. Nc3 e5 5. e4 Be7 6. Be2 O-O 7. O-O c6 8. Re1
Qc7 9. Qc2 a6 10. a4 a5 11. Bg5 Re8 12. Rad1 Nf8 13. d5 Ng6 14. b3 h6 15. Bxf6
Bxf6 16. dxc6 bxc6 17. c5 dxc5 18. Nd2 Nf4 19. Bf1 Bg4 20. f3 Be6 21. Nc4 Bg5
22. g3 Nh3+ 23. Bxh3 Bxh3 24. Qf2 Rab8 25. Rb1 Red8 26. Red1 Rxd1+ 27. Nxd1 Rd8
28. Qxc5 Rd3 29. Nf2 Qd7 30. Nxe5 Rxf3 31. Nxd7 Be3 32. Qxe3 Rxe3 33. Nxh3 Rxe4
34. Nc5 Re2 35. Nf4 Rd2 36. Nb7 g5 37. Nh5 Kh7 38. Nf6+ Kg6 39. Ne4 Rd4 40.
Nec5 Rd5 41. Rc1 f5 42. Nxa5 f4 43. gxf4 gxf4 44. Nxc6 Kf5 45. Ne7+ 1-0

[Event "Titled Tuesday 2021.05.11"]
[Site "chess.com INT"]
[Date "2021.05.11"]
[Round "7"]
[White "Sokolovsky, Yahli"]
[Black "Chiku-Ratte, Olivier-Kenta"]
[Result "0-1"]
[WhiteElo "2431"]
[BlackElo "2377"]
[PlyCount "94"]
[EventDate "2021.05.11"]
[EventType "swiss (blitz)"]
[EventRounds "11"]
[EventCountry "NET"]
[Source "Mark Crowther"]
[SourceDate "2021.05.17"]

1. b3 c5 2. Bb2 Nc6 3. e3 d5 4. f4 Nf6 5. Nf3 g6 6. Bb5 Bg7 7. O-O O-O 8. d3
Qc7 9. Bxc6 Qxc6 10. Nbd2 Bg4 11. Qe1 Bxf3 12. Nxf3 b5 13. Ne5 Qc7 14. c4 bxc4
15. dxc4 e6 16. Rc1 Ng4 17. Nd3 Bxb2 18. Nxb2 d4 19. e4 Ne3 20. Rf3 Qc6 21. e5
a5 22. Qe2 Rfd8 23. Nd3 a4 24. b4 cxb4 25. Nxb4 Qc5 26. Nd3 Qa3 27. c5 Rac8 28.
Rf2 Nd5 29. Rf3 Nb4 30. Rd1 Nxd3 31. Rfxd3 Qxc5 32. Qd2 Rd5 33. g4 Rcd8 34. g5
Kg7 35. Qf2 Qc4 36. h4 Rb8 37. Rxd4 Rxd4 38. Rxd4 Rb1+ 39. Kg2 Qc6+ 40. Kg3 Qh1
41. f5 Rg1+ 42. Kf4 gxf5 43. Ke3 Rg2 44. Qf3 Qc1+ 45. Kd3 Qc2+ 46. Ke3 Qc3+ 47.
Rd3 Qxe5+ 0-1

[Event "Titled Tuesday 2021.05.11"]
[Site "chess.com INT"]
[Date "2021.05.11"]
[Round "8"]
[White "Chiku-Ratte, Olivier-Kenta"]
[Black "Estrada Nieto, Julian"]
[Result "1-0"]
[WhiteElo "2377"]
[BlackElo "2280"]
[PlyCount "79"]
[EventDate "2021.05.11"]
[EventType "swiss (blitz)"]
[EventRounds "11"]
[EventCountry "NET"]
[Source "Mark Crowther"]
[SourceDate "2021.05.17"]

1. Nf3 d5 2. g3 Nf6 3. Bg2 c6 4. O-O Bg4 5. d3 Nbd7 6. Nbd2 e5 7. e4 dxe4 8.
Nxe4 Nxe4 9. dxe4 Bc5 10. h3 Bh5 11. c3 a5 12. Qc2 O-O 13. a4 Re8 14. b3 Qc7
15. Bb2 Nf8 16. Nd2 Rad8 17. Nc4 f6 18. b4 axb4 19. cxb4 Ba7 20. Bc3 Ne6 21. a5
Nd4 22. Bxd4 Bxd4 23. Rab1 Bf7 24. Rfc1 Be6 25. Na3 Qf7 26. Bf1 Qg6 27. Kh2 f5
28. Bg2 Rc8 29. Nc4 Red8 30. Re1 Qf7 31. Ne3 f4 32. Nf5 Bxf5 33. exf5 fxg3+ 34.
fxg3 Qf6 35. Qc4+ Kh8 36. Be4 h6 37. Rbd1 Qg5 38. Re2 Ba7 39. Rf1 Rd2 40. h4
1-0

[Event "Titled Tuesday 2021.05.11"]
[Site "chess.com INT"]
[Date "2021.05.11"]
[Round "9"]
[White "Chiku-Ratte, Olivier-Kenta"]
[Black "Tari, A."]
[Result "0-1"]
[WhiteElo "2377"]
[BlackElo "2639"]
[PlyCount "108"]
[EventDate "2021.05.11"]
[EventType "swiss (blitz)"]
[EventRounds "11"]
[EventCountry "NET"]
[Source "Mark Crowther"]
[SourceDate "2021.05.17"]

1. Nf3 g6 2. d4 Bg7 3. c4 d6 4. g3 c5 5. Bg2 cxd4 6. Nxd4 h5 7. h4 Nh6 8. O-O
Ng4 9. Nc3 O-O 10. e3 Nc6 11. Nxc6 bxc6 12. Bxc6 Rb8 13. Bg2 Ne5 14. Qe2 Ba6
15. Rd1 Bxc4 16. Qc2 Qd7 17. b3 Ba6 18. Bb2 Rfc8 19. Rac1 Bb7 20. e4 Ba6 21.
Rd5 Qg4 22. Qd1 Qxd1+ 23. Rcxd1 Nc4 24. Ba1 Ne3 25. fxe3 Bxc3 26. Bxc3 Rxc3 27.
Ra5 Rb6 28. e5 Rxe3 29. exd6 exd6 30. Rg5 Kg7 31. Kh2 Re2 32. Rgd5 Rxa2 33.
R1d2 Rxd2 34. Rxd2 Rxb3 35. Rxd6 Bc4 36. Bh3 Rb2+ 37. Kg1 a5 38. Rc6 Bb3 39. g4
hxg4 40. Bxg4 Bd5 41. Rc5 Rg2+ 42. Kf1 Rxg4 43. Rxd5 Rxh4 44. Rxa5 Rh2 45. Kg1
Rb2 46. Rc5 f5 47. Rd5 Kf6 48. Kf1 Kg5 49. Kg1 Kg4 50. Kf1 f4 51. Rd6 g5 52.
Rd3 f3 53. Rd5 Kf4 54. Kg1 g4 0-1

[Event "Titled Tuesday 2021.05.11"]
[Site "chess.com INT"]
[Date "2021.05.11"]
[Round "10"]
[White "Suvorov, Luca"]
[Black "Chiku-Ratte, Olivier-Kenta"]
[Result "0-1"]
[WhiteElo "2279"]
[BlackElo "2377"]
[PlyCount "90"]
[EventDate "2021.05.11"]
[EventType "swiss (blitz)"]
[EventRounds "11"]
[EventCountry "NET"]
[Source "Mark Crowther"]
[SourceDate "2021.05.17"]

1. d4 Nf6 2. c4 g6 3. f3 Bg7 4. e4 d6 5. Nc3 O-O 6. Nge2 c6 7. Be3 a6 8. a4 Qa5
9. Qd2 e5 10. d5 cxd5 11. cxd5 Nbd7 12. Rb1 Qd8 13. g4 h5 14. g5 Ne8 15. h4 Rb8
16. b4 f5 17. gxf6 Bxf6 18. Rg1 Bxh4+ 19. Kd1 Kh7 20. f4 exf4 21. Nxf4 Ne5 22.
Be2 Bg4 23. Kc2 Ng7 24. Bxg4 Nxg4 25. Bd4 Bg5 26. Bxg7 Rxf4 27. Bd4 Rf2 28.
Qxf2 Nxf2 29. Bxf2 Rc8 30. Bd4 Bf6 31. Rbd1 Bxd4 32. Rxd4 Qf6 33. Rgd1 b5 34.
axb5 axb5 35. Kb3 h4 36. R4d3 g5 37. Re1 Qe5 38. Rf1 Kg7 39. Rf5 Qe7 40. Rdf3
Rh8 41. e5 dxe5 42. Ne4 Rh5 43. d6 Qe6+ 44. Kb2 h3 45. Rf6 Qd5 0-1

[Event "Titled Tuesday 2021.05.11"]
[Site "chess.com INT"]
[Date "2021.05.11"]
[Round "11"]
[White "Chitlange, Sakshi"]
[Black "Chiku-Ratte, Olivier-Kenta"]
[Result "0-1"]
[WhiteElo "2167"]
[BlackElo "2377"]
[PlyCount "100"]
[EventDate "2021.05.11"]
[EventType "swiss (blitz)"]
[EventRounds "11"]
[EventCountry "NET"]
[Source "Mark Crowther"]
[SourceDate "2021.05.17"]

1. d4 Nf6 2. c4 g6 3. Nc3 Bg7 4. e4 d6 5. Be2 O-O 6. Bg5 c6 7. Nf3 a6 8. a4 Bg4
9. O-O Bxf3 10. Bxf3 e5 11. Re1 h6 12. Be3 Nbd7 13. Qd2 Kh7 14. Rad1 exd4 15.
Qxd4 Nd5 16. Qd2 Nxe3 17. Rxe3 Be5 18. Ree1 Qh4 19. g3 Qf6 20. Bg2 Nc5 21. Re3
Rfd8 22. Rf3 Qe7 23. Qc2 Kg7 24. Re3 Ne6 25. Red3 Qf6 26. Rf3 Qe7 27. Rfd3 g5
28. Bh3 Nc5 29. Rf3 h5 30. Bf5 f6 31. Re3 Rab8 32. f4 gxf4 33. gxf4 Bxf4 34.
Qg2+ Kf8 35. Rh3 Qg7 36. Rxh5 Bg5 37. Kf2 Ke7 38. Rh7 Qxh7 39. Bxh7 Rh8 40. Bf5
Rbg8 41. Kf1 Bf4 42. Bg4 Rxh2 43. Qf3 Be5 44. Qf5 Rgh8 45. Bf3 R2h4 46. Qg6
R8h7 47. Ke2 Ne6 48. Ke3 Rh2 49. Rg1 Bf4+ 50. Kd3 Rd2# 0-1

[Event "Quebec-ch Rapid Online"]
[Site "Chess.com"]
[Date "2021.03.13"]
[Round "1"]
[White "Hemphrey, David"]
[Black "Chiku-Ratte, Olivier-Kenta"]
[Result "0-1"]
[WhiteElo "1478"]
[BlackElo "2333"]
[PlyCount "78"]
[EventDate "2021.03.13"]
[EventType "swiss (rapid)"]
[EventRounds "10"]
[EventCountry "CAN"]

1. e4 c5 2. Nf3 Nc6 3. c3 Nf6 4. e5 Nd5 5. d4 cxd4 6. cxd4 d6 7. Be2 g6 8. O-O
Bg7 9. exd6 Qxd6 10. Nc3 O-O 11. Re1 Bf5 12. a3 Rfd8 13. Bc4 Nb6 14. Ba2 Nxd4
15. Nxd4 Bxd4 16. Bg5 Bxc3 17. Qxd6 Rxd6 18. Rxe7 Bxb2 19. Bxf7+ Kh8 20. Rae1
Rf8 21. Bb3 Rd7 22. R7e2 Bg7 23. Re8 h6 24. Rxf8+ Bxf8 25. Bf6+ Kh7 26. Re8 Rc7
27. g4 Rc8 28. Re3 Bxg4 29. h3 Bf5 30. Kg2 Nd7 31. Bb2 Bc5 32. Re2 h5 33. h4 b6
34. Ba4 Rf8 35. Rd2 Nf6 36. Be5 Ne4 37. Re2 Bg4 38. Rxe4 Bf3+ 39. Kg3 Bxe4 0-1

[Event "Quebec-ch Rapid Online"]
[Site "Chess.com"]
[Date "2021.03.13"]
[Round "2"]
[White "Chiku-Ratte, Olivier-Kenta"]
[Black "Tsanaclis, Albert"]
[Result "1-0"]
[WhiteElo "2333"]
[BlackElo "1771"]
[PlyCount "61"]
[EventDate "2021.03.13"]
[EventType "swiss (rapid)"]
[EventRounds "10"]
[EventCountry "CAN"]

1. d4 d5 2. c4 c6 3. Nf3 Nf6 4. e3 Bf5 5. Nc3 e6 6. Be2 dxc4 7. Bxc4 b5 8. Be2
Bb4 9. O-O O-O 10. a3 Bd6 11. Nh4 Qc7 12. f4 Nbd7 13. Bf3 Rad8 14. e4 Bxf4 15.
e5 Bxc1 16. Qxc1 Ne8 17. Qe3 Nb6 18. Nxf5 exf5 19. b3 Qd7 20. Rad1 Qe6 21. Ne2
Qe7 22. Bxc6 Qxa3 23. Rxf5 Nc7 24. Rdf1 Ncd5 25. Qf3 Ne7 26. Rg5 Nxc6 27. Qxc6
Qxb3 28. Rf3 Qd1+ 29. Kf2 Nd5 30. Qh6 Kh8 31. Qxg7# 1-0

[Event "Quebec-ch Rapid Online"]
[Site "Chess.com"]
[Date "2021.03.13"]
[Round "3"]
[White "Latreille, Etienne"]
[Black "Chiku-Ratte, Olivier-Kenta"]
[Result "0-1"]
[WhiteElo "1891"]
[BlackElo "2333"]
[PlyCount "76"]
[EventDate "2021.03.13"]
[EventType "swiss (rapid)"]
[EventRounds "10"]
[EventCountry "CAN"]

1. d4 Nf6 2. Nc3 d5 3. Bf4 a6 4. e3 c5 5. dxc5 Nc6 6. Na4 e5 7. Bg3 Ne4 8. Nb6
Rb8 9. Qxd5 Qxd5 10. Nxd5 Bxc5 11. Bd3 Nxg3 12. hxg3 h6 13. Rh4 O-O 14. g4 Rd8
15. c4 b5 16. b3 bxc4 17. Bxc4 Be6 18. e4 Nb4 19. Rd1 Nxa2 20. Nf3 Bxd5 21.
exd5 Nc3 22. Ra1 Nxd5 23. Nxe5 Re8 24. f4 Nxf4 25. Bxf7+ Kh7 26. Bxe8 Rxe8 27.
Kd2 Rxe5 28. g5 Bb4+ 29. Kc2 Re2+ 30. Kb1 Re1+ 31. Ka2 Re2+ 32. Kb1 Nd3 33. g6+
Kxg6 34. Rxa6+ Kg5 35. Rc4 Rb2+ 36. Ka1 Rxb3 37. Rc7 Bc3+ 38. Ka2 Nc1# 0-1

[Event "Quebec-ch Rapid Online"]
[Site "Chess.com"]
[Date "2021.03.13"]
[Round "4"]
[White "Chiku-Ratte, Olivier-Kenta"]
[Black "Tanaka, Tyler"]
[Result "1-0"]
[WhiteElo "2333"]
[BlackElo "2098"]
[PlyCount "57"]
[EventDate "2021.03.13"]
[EventType "swiss (rapid)"]
[EventRounds "10"]
[EventCountry "CAN"]

1. d4 d5 2. c4 dxc4 3. Nf3 Nf6 4. e3 Bg4 5. Bxc4 e6 6. Nc3 a6 7. a4 Nc6 8. O-O
Bd6 9. h3 Bh5 10. Be2 O-O 11. Nd2 Bxe2 12. Qxe2 e5 13. d5 Nb4 14. e4 c6 15. Nc4
Bc5 16. Rd1 Bd4 17. dxc6 Nxc6 18. Bg5 h6 19. Bh4 g5 20. Bg3 Nd7 21. Nd6 Nc5 22.
Nf5 Kh7 23. Nd5 Kg6 24. Qf3 f6 25. Rac1 Ne6 26. Rxc6 bxc6 27. Nde7+ Kh7 28. Qh5
Bxf2+ 29. Bxf2 1-0